[Event "chess.com SpeedChess 2022"]
[Site "chess.com INT"]
[Date "2022.11.23"]
[Round "1.11"]
[White "Caruana, Fabiano"]
[Black "Erigaisi, Arjun"]
[Result "1/2-1/2"]
[WhiteTitle "GM"]
[BlackTitle "GM"]
[WhiteElo "2766"]
[BlackElo "2718"]
[WhiteFideId "2020009"]
[BlackFideId "35009192"]
[EventDate "2022.11.23"]
[EventType "k.o."]

1. d4 d5 2. c4 e6 3. Nc3 c6 4. cxd5 exd5 5. Nf3 Nf6 6. Bf4 Bf5 7. e3 Nbd7 8. h3
Be7 9. g4 Bg6 10. Nh4 Ne4 11. Nxg6 hxg6 12. Bg2 g5 13. Bh2 Nxc3 14. bxc3 Nb6 15.
O-O Bd6 16. Bxd6 Qxd6 17. Rb1 O-O 18. Qd3 g6 19. Rfe1 Rae8 20. e4 dxe4 21. Rxe4
Rxe4 22. Qxe4 Qd8 23. Qd3 Qe7 24. c4 Rd8 25. Qc3 Rd7 26. Re1 Qd8 27. Re4 Nc8 28.
Qe3 Nd6 29. Re5 Kg7 30. Qe2 Qf6 31. a4 Nc8 32. d5 c5 33. Qe3 Nb6 34. Bf1 Nxa4
35. h4 Qf4 36. hxg5 Qxg4+ 37. Bg2 Qd4 38. Re8 Qxe3 39. fxe3 Nb6 40. Bf1 a5 41.
Bh3 a4 42. Bxd7 a3 43. Re7 a2 44. Be6 a1=Q+ 45. Kg2 Qb2+ 46. Kf3 Nxc4 47. Rxf7+
Kh8 48. Rf8+ Kh7 49. Rf7+ Kh8 50. Rf8+ Kh7 51. Rf7+ Kh8 1/2-1/2

[Event "chess.com SpeedChess 2022"]
[Site "chess.com INT"]
[Date "2022.11.23"]
[Round "1.12"]
[White "Erigaisi, Arjun"]
[Black "Caruana, Fabiano"]
[Result "1-0"]
[WhiteTitle "GM"]
[BlackTitle "GM"]
[WhiteElo "2718"]
[BlackElo "2766"]
[WhiteFideId "35009192"]
[BlackFideId "2020009"]
[EventDate "2022.11.23"]
[EventType "k.o."]

1. e4 e5 2. Nf3 Nc6 3. Bc4 Nf6 4. Ng5 d5 5. exd5 Na5 6. Bb5+ c6 7. dxc6 bxc6 8.
Qf3 cxb5 9. Qxa8 Qc7 10. Qf3 Nc6 11. c3 Bg4 12. Qg3 Nd4 13. Na3 Bxa3 14. cxd4
Bd6 15. Ne4 1-0

[Event "chess.com SpeedChess 2022"]
[Site "chess.com INT"]
[Date "2022.11.23"]
[Round "1.13"]
[White "Caruana, Fabiano"]
[Black "Erigaisi, Arjun"]
[Result "1/2-1/2"]
[WhiteTitle "GM"]
[BlackTitle "GM"]
[WhiteElo "2766"]
[BlackElo "2718"]
[WhiteFideId "2020009"]
[BlackFideId "35009192"]
[EventDate "2022.11.23"]
[EventType "k.o."]

1. e4 c5 2. Nf3 d6 3. Bb5+ Nd7 4. a4 Nf6 5. Nc3 g6 6. O-O Bg7 7. a5 a6 8. Be2
O-O 9. d3 b5 10. axb6 a5 11. h3 Bb7 12. Be3 Nxb6 13. Qd2 a4 14. Bh6 e5 15. Bxg7
Kxg7 16. Nh2 d5 17. exd5 Nfxd5 18. Nxd5 Nxd5 19. Bf3 Qc7 20. Rfe1 f6 21. Bxd5
Bxd5 22. Ng4 Qb7 23. Ne3 Be6 24. Reb1 Qb4 25. Qd1 Rfd8 26. Ra3 c4 27. c3 Qb6 28.
d4 exd4 29. cxd4 Rxd4 30. Qc2 Qb4 31. Qc3 Qd6 32. Rba1 Rd3 33. Nxc4 Rd1+ 34.
Rxd1 Qxd1+ 35. Kh2 Rc8 36. Qd2 Qxd2 37. Nxd2 Rc2 38. Nf3 Rxf2 39. Rxa4 Rxb2 40.
Ra7+ Kg8 41. Ra6 Kf7 42. Ra7+ Kg8 43. Ra6 Bd5 44. Rxf6 Kg7 45. Rf4 h6 46. Kg3 g5
47. Rd4 Bxf3 48. Kxf3 Rb3+ 49. Kf2 Rb2+ 50. Kf3 Rb3+ 51. Kf2 Rb2+ 52. Kf3 1/2-1/2

[Event "chess.com SpeedChess 2022"]
[Site "chess.com INT"]
[Date "2022.11.23"]
[Round "1.14"]
[White "Erigaisi, Arjun"]
[Black "Caruana, Fabiano"]
[Result "1/2-1/2"]
[WhiteTitle "GM"]
[BlackTitle "GM"]
[WhiteElo "2718"]
[BlackElo "2766"]
[WhiteFideId "35009192"]
[BlackFideId "2020009"]
[EventDate "2022.11.23"]
[EventType "k.o."]

1. e4 e5 2. Nf3 Nf6 3. d4 Nxe4 4. Bd3 d5 5. dxe5 Nc6 6. O-O Be7 7. Nbd2 Nc5 8.
Re1 Nxd3 9. cxd3 O-O 10. Nf1 Bf5 11. Ng3 Bg6 12. d4 Nb4 13. Re2 c5 14. a3 Nc6
15. dxc5 d4 16. b4 d3 17. Re1 Qd5 18. Bb2 a5 19. Qd2 axb4 20. axb4 Qb3 21. h4 h6
22. h5 Bh7 23. Bc3 Rfd8 24. Rec1 Rxa1 25. Rxa1 Qc4 26. Rb1 Na7 27. e6 fxe6 28.
Re1 Nb5 29. Ba1 Bf8 30. Qe3 Qd5 31. Nd2 Na3 32. Qf4 Nc2 33. Re5 Qd7 34. Bc3 Be7
35. Qc4 Kf7 36. Nge4 Na3 37. Qb3 Nb5 38. Bb2 Nc7 39. Nc4 Kg8 40. Ned6 d2 41.
Nxd2 Bxd6 42. cxd6 Qxd6 43. Re2 Nd5 44. Nc4 Qc7 45. Ne5 Bf5 46. Qg3 Qe7 47. b5
Rc8 48. Kh2 Nf6 49. Qf3 Qe8 50. g4 Bh7 51. Qf4 Qxb5 52. Qf3 Rf8 53. Qe3 Nd5 54.
Qd2 Nf4 55. Re3 Qd5 56. Qxd5 Nxd5 57. Re2 Rc8 58. Nf3 Rc2 59. Rxc2 Bxc2 60. Nd4
Bd3 61. Nxe6 b5 62. Bxg7 Be2 63. Bxh6 Bxg4 64. Nf4 Nxf4 65. Bxf4 Bxh5 66. Bd6
Bf7 67. Bb4 Be6 68. Kg3 Bf7 69. Kf4 Be6 70. Ke5 Bf7 71. f4 Be8 72. f5 Bf7 73.
Kf6 Bh5 74. Ke7 Bf7 75. f6 Bh5 76. Bc5 Bf7 77. Bb4 Bh5 78. Bc5 Bf7 79. Bb4 1/2-1/2

[Event "chess.com SpeedChess 2022"]
[Site "chess.com INT"]
[Date "2022.11.23"]
[Round "1.15"]
[White "Caruana, Fabiano"]
[Black "Erigaisi, Arjun"]
[Result "0-1"]
[WhiteTitle "GM"]
[BlackTitle "GM"]
[WhiteElo "2766"]
[BlackElo "2718"]
[WhiteFideId "2020009"]
[BlackFideId "35009192"]
[EventDate "2022.11.23"]
[EventType "k.o."]

1. d4 d6 2. e4 g6 3. Nc3 Bg7 4. Be3 a6 5. g4 b5 6. h4 Nf6 7. f3 h5 8. g5 Nfd7 9.
a4 b4 10. Nce2 c5 11. Qd2 Nc6 12. Bg2 Qc7 13. f4 Nb6 14. b3 Bg4 15. Nf3 Rc8 16.
O-O Bxf3 17. Bxf3 cxd4 18. Nxd4 Nxd4 19. Bxd4 Bxd4+ 20. Qxd4 Qc5 21. Qxc5 Rxc5
22. a5 Nd7 23. Be2 O-O 24. Bxa6 Ra8 25. Bc4 Rcxa5 26. Rad1 Nb6 27. Bd3 Kg7 28.
Kf2 d5 29. Ke3 Rd8 30. f5 d4+ 31. Ke2 Nd7 32. Bc4 Ne5 33. f6+ exf6 34. gxf6+ Kh6
35. Bd5 Ra2 36. Rxd4 Rxc2+ 37. Rd2 Rc3 38. Rd4 Rxb3 39. Bxb3 Rxd4 40. Bd5 b3 41.
Rb1 Rb4 42. Rxb3 Rxb3 43. Bxb3 g5 44. hxg5+ Kxg5 45. Ke3 Kxf6 46. Kf4 Ng6+ 47.
Kg3 Kg7 48. Ba2 f6 49. Be6 Kh6 50. Bc8 Kg5 51. Bd7 h4+ 52. Kh3 Nf4+ 53. Kh2 Nd3
54. Kh3 Nf2+ 55. Kg2 Nxe4 56. Kf3 f5 57. Kg2 Kg4 58. Bc8 h3+ 59. Kh2 Ng5 60. Bd7
Kf4 61. Bc8 Ke4 62. Bb7+ Ke3 63. Kg3 f4+ 64. Kh2 f3 65. Ba6 f2 66. Bf1 Kd2 67.
Kg3 Ke1 0-1

[Event "chess.com SpeedChess 2022"]
[Site "chess.com INT"]
[Date "2022.11.23"]
[Round "1.16"]
[White "Erigaisi, Arjun"]
[Black "Caruana, Fabiano"]
[Result "1-0"]
[WhiteTitle "GM"]
[BlackTitle "GM"]
[WhiteElo "2718"]
[BlackElo "2766"]
[WhiteFideId "35009192"]
[BlackFideId "2020009"]
[EventDate "2022.11.23"]
[EventType "k.o."]

1. e4 e5 2. Nf3 Nf6 3. Nc3 Nc6 4. h3 d5 5. exd5 Nxd5 6. Bb5 Nxc3 7. bxc3 Bd6 8.
O-O O-O 9. Re1 Re8 10. d3 h6 11. Bxc6 bxc6 12. Nd2 Be6 13. c4 Rb8 14. Qf3 c5 15.
Nb3 f5 16. Bb2 Qf6 17. Qe2 Qg6 18. Ba3 Bd7 19. Bxc5 Bc6 20. f3 e4 21. fxe4 fxe4
22. d4 Bg3 23. Rf1 e3 24. d5 Bf2+ 25. Rxf2 exf2+ 26. Qxf2 Bd7 27. Kh2 a5 28. a4
Re5 29. Bd4 Rf5 30. Qd2 Rbf8 31. Nxa5 Qd6+ 32. Kg1 Rg5 33. Be3 Rg6 34. c5 Qg3
35. Nc6 Re8 36. Bf4 Qh4 37. Kh2 Bxc6 38. dxc6 Kh8 39. Bxc7 Rxc6 40. Bd6 Ra8 41.
a5 Rca6 42. Qd5 Qf6 43. Ra3 Qg6 44. Rg3 1-0

[Event "chess.com SpeedChess 2022"]
[Site "chess.com INT"]
[Date "2022.11.23"]
[Round "1.17"]
[White "Caruana, Fabiano"]
[Black "Erigaisi, Arjun"]
[Result "1/2-1/2"]
[WhiteTitle "GM"]
[BlackTitle "GM"]
[WhiteElo "2766"]
[BlackElo "2718"]
[WhiteFideId "2020009"]
[BlackFideId "35009192"]
[EventDate "2022.11.23"]
[EventType "k.o."]

1. e4 e6 2. d4 d5 3. Nc3 Bb4 4. e5 c5 5. a3 Bxc3+ 6. bxc3 Qa5 7. Bd2 Qa4 8. Qg4
Kf8 9. Qd1 b6 10. h4 Ba6 11. Bxa6 Qxa6 12. h5 h6 13. Qg4 Qa4 14. Ne2 Nc6 15. Qf4
Qxc2 16. dxc5 Qe4 17. Qxe4 dxe4 18. cxb6 axb6 19. Rh4 Nxe5 20. Rxe4 Nd3+ 21. Kf1
Nf6 22. Rh4 Ke7 23. a4 Rhc8 24. Rb1 Nd5 25. c4 Nf6 26. Nc3 Ne5 27. Rxb6 Nxc4 28.
Rb7+ Kf8 29. Be1 Ne5 30. Ke2 Rc6 31. Rhb4 Nxh5 32. g3 Nf6 33. Rb8+ Rxb8 34.
Rxb8+ Ke7 35. a5 Ra6 36. Rb7+ Kd6 37. Na4 Kc6 38. Rb1 Nd5 39. Rc1+ Kb5 40. Nc3+
Nxc3+ 41. Bxc3 Nc4 42. Bxg7 Rxa5 43. Bxh6 Ra2+ 44. Kf1 Ne5 45. Be3 Ng4 46. Re1
Kc4 47. Kg2 f5 48. Bb6 e5 49. Kf3 Rb2 50. Ba7 Rd2 51. Kg2 Ra2 52. Bb6 e4 53. Be3
Ne5 54. Rc1+ Kd5 55. Rc5+ Ke6 56. Rb5 Ng4 57. Rb3 Re2 58. Kf1 Ra2 59. Rb6+ Kd5
60. Rb3 Kc4 61. Rb8 Nxe3+ 62. fxe3 Rh2 63. Rf8 Kd3 64. Rxf5 Kxe3 65. g4 Rh4 66.
g5 Rg4 67. Ra5 Kf3 68. Rf5+ Ke3 69. Ra5 Rf4+ 70. Kg2 Ke2 71. Kg3 Rf1 72. Ra2+
Kd3 73. Ra3+ Kd4 74. Ra4+ Ke5 75. Ra5+ Ke6 76. Kg2 Rf5 77. Rxf5 Kxf5 78. Kf2
Kxg5 79. Ke3 Kf5 80. Ke2 Kf4 81. Kf2 e3+ 82. Ke2 Ke4 83. Ke1 Kd3 84. Kd1 e2+ 85.
Ke1 Ke3 1/2-1/2

[Event "chess.com SpeedChess 2022"]
[Site "chess.com INT"]
[Date "2022.11.23"]
[Round "1.18"]
[White "Erigaisi, Arjun"]
[Black "Caruana, Fabiano"]
[Result "0-1"]
[WhiteTitle "GM"]
[BlackTitle "GM"]
[WhiteElo "2718"]
[BlackElo "2766"]
[WhiteFideId "35009192"]
[BlackFideId "2020009"]
[EventDate "2022.11.23"]
[EventType "k.o."]

1. c4 e5 2. d3 Bb4+ 3. Bd2 Bxd2+ 4. Qxd2 Nf6 5. Nf3 Qe7 6. Nc3 O-O 7. e4 d6 8.
h3 c5 9. g3 Nc6 10. Bg2 h6 11. O-O a6 12. Ne1 Rb8 13. Nc2 b5 14. b3 b4 15. Nd5
Nxd5 16. cxd5 Na7 17. f4 Nb5 18. f5 f6 19. g4 a5 20. h4 Ba6 21. Kf2 a4 22. Ne3
Nd4 23. bxa4 b3 24. Rad1 Rb4 25. axb3 Rxb3 26. Rb1 Rfb8 27. Qa2 Bxd3 28. Rxb3
Rxb3 29. Rd1 Qb7 30. Kg1 Be2 0-1

[Event "chess.com SpeedChess 2022"]
[Site "chess.com INT"]
[Date "2022.11.23"]
[Round "1.19"]
[White "Caruana, Fabiano"]
[Black "Erigaisi, Arjun"]
[Result "0-1"]
[WhiteTitle "GM"]
[BlackTitle "GM"]
[WhiteElo "2766"]
[BlackElo "2718"]
[WhiteFideId "2020009"]
[BlackFideId "35009192"]
[EventDate "2022.11.23"]
[EventType "k.o."]

1. e4 c5 2. Nf3 d6 3. d4 cxd4 4. Nxd4 Nf6 5. Nc3 g6 6. Be3 Bg7 7. f3 O-O 8. Qd2
Nc6 9. O-O-O d5 10. exd5 Nxd5 11. Nxc6 bxc6 12. Bd4 Bxd4 13. Qxd4 Qb6 14. Na4
Qc7 15. Nc5 Rd8 16. Bc4 Bf5 17. Bb3 Nb6 18. Qe3 Rxd1+ 19. Rxd1 Qxh2 20. g4 Nd5
21. Qd4 e5 22. Qd2 Qxd2+ 23. Rxd2 Be6 24. Re2 Kg7 25. g5 Bf5 26. Bxd5 cxd5 27.
Rxe5 Rd8 28. b4 Kf8 29. Kd2 Rd6 30. f4 f6 31. Re3 Rb6 32. a3 d4 33. Re1 a5 34.
c3 dxc3+ 35. Kxc3 axb4+ 36. axb4 fxg5 37. fxg5 Rb8 38. Ra1 Ke7 39. Ra7+ Kd6 40.
Rxh7 Ra8 41. Kc4 Ra1 42. Kb5 Rb1 43. Rh2 Ke5 44. Rf2 Kd4 45. Ka5 Kc4 46. Rf4+
Kd5 47. Kb6 Rg1 48. b5 Rxg5 49. Rf2 Rg4 50. Rd2+ Rd4 51. Rf2 Rb4 52. Na6 Rb1 53.
Nc7+ Ke4 54. Kc5 Ke3 55. Rg2 Be4 56. Rh2 g5 0-1

[Event "chess.com SpeedChess 2022"]
[Site "chess.com INT"]
[Date "2022.11.23"]
[Round "1.21"]
[White "Erigaisi, Arjun"]
[Black "Caruana, Fabiano"]
[Result "0-1"]
[WhiteTitle "GM"]
[BlackTitle "GM"]
[WhiteElo "2718"]
[BlackElo "2766"]
[WhiteFideId "35009192"]
[BlackFideId "2020009"]
[EventDate "2022.11.23"]
[EventType "k.o."]

1. d4 Nf6 2. Nf3 e6 3. Bg5 Be7 4. e3 d5 5. Bd3 Nbd7 6. O-O b6 7. a4 a6 8. Nbd2
Bb7 9. c3 Ne4 10. Bf4 O-O 11. Qc2 Ndf6 12. a5 b5 13. Be5 c5 14. dxc5 Bxc5 15.
Rad1 Qe7 16. Bxf6 Nxf6 17. e4 h6 18. e5 Nd7 19. b4 Ba7 20. Nb3 Rac8 21. Qd2 f6
22. Rde1 Bb8 23. exf6 Qxf6 24. Nfd4 e5 25. Nf5 e4 26. Bxe4 dxe4 27. Qxd7 Rf7 0-1

[Event "chess.com SpeedChess 2022"]
[Site "chess.com INT"]
[Date "2022.11.23"]
[Round "1.22"]
[White "Caruana, Fabiano"]
[Black "Erigaisi, Arjun"]
[Result "1-0"]
[WhiteTitle "GM"]
[BlackTitle "GM"]
[WhiteElo "2766"]
[BlackElo "2718"]
[WhiteFideId "2020009"]
[BlackFideId "35009192"]
[EventDate "2022.11.23"]
[EventType "k.o."]

1. d4 d5 2. c4 c6 3. Nf3 Nf6 4. e3 Bf5 5. Nc3 e6 6. Nh4 Be4 7. f3 Bg6 8. Qb3 Qc7
9. Bd2 Be7 10. Nxg6 hxg6 11. cxd5 cxd5 12. O-O-O Nc6 13. Kb1 a6 14. Rc1 Nd7 15.
Bd3 Rc8 16. h4 b5 17. Nxb5 axb5 18. Bxb5 Ndb8 19. Rc2 Rxh4 20. Rhc1 Qd7 21. Qa4
Rh2 22. Bxc6 Nxc6 23. Rxc6 Bd8 24. Qb5 Rxg2 25. Bb4 Rxc6 26. Rxc6 e5 27. dxe5
Rg1+ 28. Kc2 Rg2+ 29. Kb3 Re2 30. Bc5 d4 31. Bxd4 Kf8 32. a4 Kg8 33. Rd6 1-0

[Event "chess.com SpeedChess 2022"]
[Site "chess.com INT"]
[Date "2022.11.23"]
[Round "1.23"]
[White "Erigaisi, Arjun"]
[Black "Caruana, Fabiano"]
[Result "0-1"]
[WhiteTitle "GM"]
[BlackTitle "GM"]
[WhiteElo "2718"]
[BlackElo "2766"]
[WhiteFideId "35009192"]
[BlackFideId "2020009"]
[EventDate "2022.11.23"]
[EventType "k.o."]

1. d4 Nf6 2. Nc3 d5 3. Bf4 e6 4. Nb5 Na6 5. e3 Be7 6. h4 O-O 7. Nf3 c5 8. a4 Bd7
9. Ne5 Nb4 10. g4 a6 11. Nc3 cxd4 12. exd4 Rc8 13. f3 Be8 14. Bd3 Nd7 15. g5
Nxe5 16. Bxe5 Bd6 17. f4 Bxe5 18. fxe5 Qb6 19. Rb1 Qxd4 20. Qe2 Nc6 21. h5 Qxe5
22. g6 fxg6 23. hxg6 Bxg6 24. Bxg6 hxg6 25. Qxe5 Nxe5 26. Ke2 d4 0-1

[Event "chess.com SpeedChess 2022"]
[Site "chess.com INT"]
[Date "2022.11.23"]
[Round "1.24"]
[White "Caruana, Fabiano"]
[Black "Erigaisi, Arjun"]
[Result "1-0"]
[WhiteTitle "GM"]
[BlackTitle "GM"]
[WhiteElo "2766"]
[BlackElo "2718"]
[WhiteFideId "2020009"]
[BlackFideId "35009192"]
[EventDate "2022.11.23"]
[EventType "k.o."]

1. e4 e6 2. d4 d5 3. e5 c5 4. c3 Nc6 5. Nf3 Qb6 6. a3 c4 7. Nbd2 Na5 8. h4 Bd7
9. g3 Ne7 10. Bh3 Qc7 11. O-O Nc8 12. h5 Nb6 13. Nh2 O-O-O 14. h6 gxh6 15. Qh5
Be8 16. Qh4 Rg8 17. Ng4 Rg6 18. Nf6 Ba4 19. Nf3 Nb3 20. Rb1 Nxc1 21. Rbxc1 Be7
22. Qh5 Bxf6 23. exf6 Rxf6 24. Ne5 Qe7 25. Qh4 Re8 26. f4 Nd7 27. f5 Kd8 28.
Rce1 Nxe5 29. dxe5 Rxf5 30. Bxf5 Qxh4 31. gxh4 exf5 32. Rxf5 Ke7 33. Kf2 Bc2 34.
Rf6 h5 35. Rg1 Kf8 36. Rg5 Bg6 37. Ke3 Re6 38. Rxe6 fxe6 39. Kd4 Ke7 40. Kc5 Kd7
41. Rg1 Kc7 42. Kd4 b6 43. Ke3 Kd7 44. a4 a6 45. a5 b5 46. Kd4 Kc6 47. Rg2 b4
48. Rf2 bxc3 49. bxc3 Kb5 50. Rf6 Kxa5 51. Rxe6 Kb5 52. Rd6 a5 53. e6 Ka4 54. e7 1-0

[Event "chess.com SpeedChess 2022"]
[Site "chess.com INT"]
[Date "2022.11.23"]
[Round "1.25"]
[White "Erigaisi, Arjun"]
[Black "Caruana, Fabiano"]
[Result "1/2-1/2"]
[WhiteTitle "GM"]
[BlackTitle "GM"]
[WhiteElo "2718"]
[BlackElo "2766"]
[WhiteFideId "35009192"]
[BlackFideId "2020009"]
[EventDate "2022.11.23"]
[EventType "k.o."]

1. e4 e5 2. Nf3 Nf6 3. Nxe5 d6 4. Nf3 Nxe4 5. d3 Nf6 6. d4 g6 7. Bd3 Bg7 8. O-O
O-O 9. h3 Re8 10. c3 b6 11. a4 a6 12. Bf4 Bb7 13. Nbd2 Nbd7 14. Re1 Nf8 15. Qc2
Qd7 16. Bh2 Ne6 17. Ne4 h6 18. Nxf6+ Bxf6 19. Be4 Bxe4 20. Rxe4 Ng5 21. Nxg5
hxg5 22. Rae1 Rxe4 23. Qxe4 d5 24. Qf3 Bg7 25. Re2 Rc8 26. Be5 Re8 27. Bxg7 Kxg7
28. Rxe8 Qxe8 29. Qxd5 Qe1+ 30. Kh2 Qxf2 31. Qe5+ Kf8 32. Qxc7 Qxb2 33. d5 Qd2
34. c4 Qd4 35. a5 bxa5 36. Qd6+ Ke8 37. Qb8+ Kd7 38. Qb7+ Kd8 39. Qb8+ Kd7 40.
Qb7+ Kd8 41. Qb8+ Kd7 1/2-1/2

[Event "chess.com SpeedChess 2022"]
[Site "chess.com INT"]
[Date "2022.11.23"]
[Round "1.26"]
[White "Caruana, Fabiano"]
[Black "Erigaisi, Arjun"]
[Result "1/2-1/2"]
[WhiteTitle "GM"]
[BlackTitle "GM"]
[WhiteElo "2766"]
[BlackElo "2718"]
[WhiteFideId "2020009"]
[BlackFideId "35009192"]
[EventDate "2022.11.23"]
[EventType "k.o."]

1. c4 e6 2. Nc3 d5 3. d4 c6 4. e3 Nf6 5. Nf3 Nbd7 6. Bd2 Bd6 7. Qc2 O-O 8. Rd1
Qe7 9. a3 b6 10. cxd5 exd5 11. Bd3 Bb7 12. O-O Rae8 13. Ne2 Ne4 14. Ng3 f5 15.
Qa4 a5 16. Qb3 Ra8 17. Bc3 a4 18. Qc2 g6 19. Rb1 Ndf6 20. b3 axb3 21. Rxb3 Rxa3
22. Rxa3 Bxa3 23. Ba1 Bd6 24. Ne5 c5 25. Bxe4 fxe4 26. Qb3 Qc7 27. Rb1 Ra8 28.
Ne2 c4 29. Qb2 Ra5 30. Nc3 Bc6 31. Qd2 Bb4 32. Qe1 Bd6 33. Ne2 Ra8 34. Bc3 b5
35. Nf4 Be8 36. h3 Qe7 37. Qd2 Ra4 38. Ra1 b4 39. Rxa4 Bxa4 40. Qa2 Qe8 41. Be1
Qb5 42. Ne6 c3 43. Qa1 c2 44. Nc5 Bxc5 45. dxc5 b3 46. Bc3 Qxc5 47. Bb2 Qb4 48.
Ng4 Nxg4 49. hxg4 Qc4 50. Kh2 Kf7 51. Qa3 Qc7+ 52. Kh3 Bd7 53. Qa1 h5 54. f3
exf3 55. gxf3 hxg4+ 56. fxg4 Qc4 57. Qg1 Qe2 58. Kh4 Qf3 59. Kg5 Ke7 60. Ba3+
Ke8 61. Bb2 Be6 62. Kh6 Kd7 63. Qa1 Qf8+ 64. Kxg6 Qg8+ 65. Kf6 Qf7+ 66. Kg5 Qg8+
67. Kf6 Qf8+ 68. Kg5 Qd8+ 69. Kg6 Qg8+ 70. Kf6 1/2-1/2

[Event "chess.com SpeedChess 2022"]
[Site "chess.com INT"]
[Date "2022.11.23"]
[Round "1.27"]
[White "Erigaisi, Arjun"]
[Black "Caruana, Fabiano"]
[Result "1-0"]
[WhiteTitle "GM"]
[BlackTitle "GM"]
[WhiteElo "2718"]
[BlackElo "2766"]
[WhiteFideId "35009192"]
[BlackFideId "2020009"]
[EventDate "2022.11.23"]
[EventType "k.o."]

1. d4 Nf6 2. Bf4 e6 3. e3 b6 4. Nd2 Bb7 5. c3 c5 6. Ngf3 Be7 7. Bd3 O-O 8. h4
Nc6 9. Qe2 d6 10. Rd1 Re8 11. Ne4 cxd4 12. exd4 h6 13. Rh3 Nd5 14. Bc1 f5 15.
Ng3 Qd7 16. Kf1 Bf8 17. c4 Nf6 18. a3 Qf7 19. Qc2 Ne7 20. d5 exd5 21. Nxf5 Nxf5
22. Bxf5 Ne4 23. Nd4 dxc4 24. Rf3 Qh5 25. Kg1 Kh8 26. Bd7 Re5 27. Nc6 Nf6 28.
Nxe5 dxe5 29. Rxf6 gxf6 30. Bf5 Bc6 31. Be6 Bc5 32. Be3 Bxe3 33. fxe3 Re8 34.
Bxc4 Qg4 35. Rd6 Be4 36. Qf2 f5 37. Rxh6+ Kg7 38. Rd6 Rh8 39. Rd7+ Kf6 40. Qd2
Qxh4 41. Qd6+ Kg5 42. Rg7+ 1-0

[Event "chess.com SpeedChess 2022"]
[Site "chess.com INT"]
[Date "2022.11.23"]
[Round "1.28"]
[White "Caruana, Fabiano"]
[Black "Erigaisi, Arjun"]
[Result "0-1"]
[WhiteTitle "GM"]
[BlackTitle "GM"]
[WhiteElo "2766"]
[BlackElo "2718"]
[WhiteFideId "2020009"]
[BlackFideId "35009192"]
[EventDate "2022.11.23"]
[EventType "k.o."]

1. d4 d5 2. c4 e6 3. Nf3 Nf6 4. Nc3 c5 5. e3 dxc4 6. Bxc4 a6 7. Be2 Nc6 8. O-O
cxd4 9. exd4 Be7 10. a3 O-O 11. Bf4 b5 12. Qd2 Bb7 13. Rad1 Na5 14. Ne5 Rc8 15.
Qe3 Nd5 16. Nxd5 Bxd5 17. Bd3 Nc4 18. Qh3 g6 19. Bxc4 bxc4 20. Rfe1 Bg5 21. Qg4
Bxf4 22. Qxf4 Rb8 23. Rd2 Rb3 24. Re3 Qb8 25. Rxb3 cxb3 26. Qe3 Rc8 27. Nd3 Rc2
28. f3 a5 29. Rf2 Qb5 30. Ne1 Rc8 31. Nd3 Rc2 32. Ne1 Rc4 33. Nd3 Qb6 34. Nc5 a4
35. h3 Qd6 36. Nd3 Bc6 37. Ne5 Rxd4 38. Qc3 Qxe5 39. Rd2 Qe1+ 0-1

[Event "chess.com SpeedChess 2022"]
[Site "chess.com INT"]
[Date "2022.11.23"]
[Round "1.29"]
[White "Erigaisi, Arjun"]
[Black "Caruana, Fabiano"]
[Result "0-1"]
[WhiteTitle "GM"]
[BlackTitle "GM"]
[WhiteElo "2718"]
[BlackElo "2766"]
[WhiteFideId "35009192"]
[BlackFideId "2020009"]
[EventDate "2022.11.23"]
[EventType "k.o."]

1. d4 Nf6 2. Nc3 d5 3. Bf4 e6 4. Nb5 Na6 5. e3 Be7 6. Nf3 O-O 7. h4 c5 8. c3 Bd7
9. a4 Ne4 10. h5 h6 11. Ne5 Nb8 12. Bd3 a6 13. Na3 Nc6 14. Bxe4 dxe4 15. Nxd7
Qxd7 16. dxc5 Rfd8 17. Qxd7 Rxd7 18. Ke2 e5 19. Bg3 Bxc5 20. Nc4 Re8 21. b4 Bf8
22. b5 Na7 23. Nxe5 Rd5 24. Rhd1 Rxd1 25. Kxd1 axb5 26. Kc2 Bd6 27. Ng4 Bxg3 28.
fxg3 Rc8 29. Nf2 f5 30. g4 bxa4 31. gxf5 Rc4 32. Rb1 b5 33. Rb4 Rxb4 34. cxb4
Nc6 35. Kc3 Ne7 36. Nxe4 Nxf5 37. Kd3 Kf7 38. g4 Ne7 39. Nd6+ Kf6 40. Nxb5 Nd5
41. Nc3 Nxb4+ 42. Kc4 Nc2 43. Kd3 Nb4+ 44. Kc4 Nc6 45. Kd5 Ne7+ 46. Kc4 Kg5 47.
Nxa4 Kxg4 48. e4 Kxh5 49. Kc5 Kg4 50. Kd6 Ng6 51. Nc5 h5 52. e5 h4 53. e6 h3 54.
Nd3 h2 55. Ne5+ Nxe5 56. e7 h1=Q 57. e8=Q Qc6+ 58. Qxc6 Nxc6 59. Kxc6 g5 0-1

[Event "chess.com SpeedChess 2022"]
[Site "chess.com INT"]
[Date "2022.11.23"]
[Round "1.31"]
[White "Caruana, Fabiano"]
[Black "Erigaisi, Arjun"]
[Result "1/2-1/2"]
[WhiteTitle "GM"]
[BlackTitle "GM"]
[WhiteElo "2766"]
[BlackElo "2718"]
[WhiteFideId "2020009"]
[BlackFideId "35009192"]
[EventDate "2022.11.23"]
[EventType "k.o."]

1. Nf3 d6 2. b3 e5 3. Bb2 e4 4. Nd4 Nf6 5. e3 d5 6. c4 c6 7. cxd5 cxd5 8. Nc3
Bd6 9. d3 O-O 10. dxe4 dxe4 11. Qc2 Qe7 12. Be2 Na6 13. a3 Nc7 14. b4 Bd7 15.
Rd1 a5 16. O-O axb4 17. axb4 Bxb4 18. Qb3 Bd6 19. Rd2 h5 20. Rfd1 Rfd8 21. g3 h4
22. Nc2 Be5 23. Nb4 Be6 24. Bc4 Rxd2 25. Rxd2 h3 26. Bxe6 Qxe6 27. Qxe6 Nxe6 28.
Kf1 Ng4 29. Nxe4 Nxh2+ 30. Ke2 Bxb2 31. Rxb2 Ng4 32. Rb1 h2 33. Kf3 f5 34. Nd6
g6 35. Kg2 Rd8 36. Nc4 Kg7 37. f3 Nf6 38. Kxh2 b5 39. Ne5 Rd2+ 40. Kg1 Ng5 41.
Kf1 Nh5 42. Ke1 Rh2 43. Rd1 Nxg3 44. Rd7+ Kf6 45. f4 Ke6 46. Nbc6 Rh1+ 47. Kd2
N5e4+ 48. Kc2 Rh2+ 49. Kc1 Ne2+ 50. Kd1 N2c3+ 51. Kc1 Na2+ 52. Kd1 Nac3+ 53. Kc1
Na2+ 54. Kb1 Nac3+ 55. Kc1 1/2-1/2

[Event "chess.com SpeedChess 2022"]
[Site "chess.com INT"]
[Date "2022.11.23"]
[Round "1.32"]
[White "Erigaisi, Arjun"]
[Black "Caruana, Fabiano"]
[Result "1-0"]
[WhiteTitle "GM"]
[BlackTitle "GM"]
[WhiteElo "2718"]
[BlackElo "2766"]
[WhiteFideId "35009192"]
[BlackFideId "2020009"]
[EventDate "2022.11.23"]
[EventType "k.o."]

1. c4 e5 2. Nc3 Nc6 3. d3 g6 4. g3 Bg7 5. Bg2 Nge7 6. Nf3 O-O 7. O-O d6 8. Bd2
a5 9. Rb1 h6 10. a3 Be6 11. b4 axb4 12. axb4 Qd7 13. Qc1 Kh7 14. b5 Nd8 15. b6
c6 16. Ra1 Rxa1 17. Qxa1 f5 18. Qa3 Nf7 19. Rd1 g5 20. Ne1 g4 21. Nc2 Ng5 22.
Bxg5 hxg5 23. d4 e4 24. d5 cxd5 25. Nxd5 Bxd5 26. cxd5 Rc8 27. Ne3 Ng6 28. h3
gxh3 29. Bxh3 g4 30. Bg2 Ne5 31. Rc1 Rxc1+ 32. Qxc1 Bh6 33. Qc3 Bxe3 34. Qxe3
Kg6 35. Qc3 Qb5 36. Qc7 Qxd5 37. Qe7 Nc4 38. Qe8+ Qf7 39. Qd8 d5 40. e3 Qe6 41.
Bf1 Ne5 42. Bb5 Qf6 43. Qg8+ Kh6 44. Kg2 Nf3 45. Be8 Qg7 46. Qe6+ Kg5 47. Qxd5
Qh6 48. Qg8+ Kf6 49. Qf7+ Ke5 50. Qc7+ Kd5 51. Bf7+ 1-0